The geometric universe (Record no. 15679)

MARC details
000 -LEADER
fixed length control field 00723nam a2200217Ia 4500
003 - CONTROL NUMBER IDENTIFIER
control field IN-BaIIA
008 - FIXED-LENGTH DATA ELEMENTS--GENERAL INFORMATION
fixed length control field 211028s9999 xx 000 0 eng d
020 ## - INTERNATIONAL STANDARD BOOK NUMBER
International Standard Book Number 0-19-850059-9
040 ## - CATALOGING SOURCE
Transcribing agency IIA Library
080 ## - UNIVERSAL DECIMAL CLASSIFICATION NUMBER
Universal Decimal Classification number 53:51
Item number THE
245 #4 - TITLE STATEMENT
Title The geometric universe
Remainder of title science, geometry, and the work of Roger Penrose
Statement of responsibility, etc. edited by S. A. Huggett…[et al.]
260 ## - PUBLICATION, DISTRIBUTION, ETC.
Place of publication, distribution, etc. Oxford
Name of publisher, distributor, etc. Oxford University Press
Date of publication, distribution, etc. 1998
300 ## - PHYSICAL DESCRIPTION
Extent xvii, 431p.
650 ## - SUBJECT ADDED ENTRY--TOPICAL TERM
Topical term or geographic name entry element Geometry
9 (RLIN) 1677
650 ## - SUBJECT ADDED ENTRY--TOPICAL TERM
Topical term or geographic name entry element Mathematical physics
9 (RLIN) 1525
700 ## - ADDED ENTRY--PERSONAL NAME
Personal name Huggett, S. A., ed.
9 (RLIN) 28898
700 ## - ADDED ENTRY--PERSONAL NAME
Personal name Mson, L. J., ed.
9 (RLIN) 28899
700 ## - ADDED ENTRY--PERSONAL NAME
Personal name Tod, K. P., ed.
9 (RLIN) 28900
700 ## - ADDED ENTRY--PERSONAL NAME
Personal name Tsou, S. T., ed.
9 (RLIN) 28901
942 ## - ADDED ENTRY ELEMENTS (KOHA)
Koha item type Books
Holdings
Withdrawn status Lost status Damaged status Not for loan Home library Current library Shelving location Date acquired Total Checkouts Full call number Barcode Date last seen Price effective from Koha item type
        IIA Library-Bangalore IIA Library-Bangalore General Stacks 25/05/2004   53:51/ THE 16601 05/11/2021 25/05/2004 Books

Powered by Koha